000 00508nam a2200193Ia 4500
005 20250923144238.0
008 008 250917s9999 xx 000 0 eng d
037 _aTextual
040 _aDSWL
_beng
_cDSWL
041 _aeng
_2eng
084 _aTs2, H6
_qDSWL
245 0 _aGeneral education tables for British India 1941-42
_cby Govt.of India
260 _aDelhi
_c1946
300 _a33 p.
365 _aINR
_b1.8
925 _g1.8
942 _cTEXL
_hTs2, H6
999 _c1436544
_d1436544